000
00336nam a2200133Ia 4500
008
220204s9999 xx 000 0 und d
082
_a
065
_b
NAV
100
_a
Navin Chanda Joshi
245
0
_a
Management: Concepts and analysis
260
_a
Delhi
_b
Vivek
_c
1977
650
_a
Management
650
_a
Managerial functions
942
_c
BK
999
_c
39326
_d
39326